| 000 -ლიდერი |
| ფიქსირებული სიგრძის საკონტროლო ველი |
01928nam a2200337Ia 4500 |
| 001 - საკონტროლო ნომერი |
| საკონტროლო ველი |
8290 |
| 003 - საკონტროლო ნომრის იდენტიფიკატორი |
| საკონტროლო ველი |
GE_BSU |
| 005 - ბოლო ოპერაციის თარიღი და დრო |
| საკონტროლო ველი |
20211119120911.0 |
| 008 - ფიქსირებული სიგრძის მონაცემთა ელემენტები - ზოგადი ინფორმაცია |
| ფიქსირებული სიგრძის საკონტროლო ველი |
181216s2012||||ge |||||||||||||| ||geo|| |
| 020 ## - წიგნის საერთაშორისო სტანდარტული ნომერი |
| International Standard Book Number |
9789941042416 |
| 040 ## - კატალოგიზაციის წყარო |
| Transcribing agency |
GE_BSU |
| 041 ## - ენის კოდი |
| Language code of text/sound track or separate title |
geo |
| 080 ## - უნივერსალური ათობითი კლასიფიკაციის ინდექსი |
| Universal Decimal Classification number |
338.48+502/504 მ-59 |
| 100 ## - მთავარი ჩანაწერი - პიროვნების სახელი |
| Personal name |
მეტრეველი, მარინა |
| 9 (RLIN) |
12972 |
| 245 ## - ცნობა სათაურის შესახებ |
| Title |
გარემო და ეკოტურიზმის მენეჯმენტი= Environment and ecotourism management / |
| Statement of responsibility, etc |
მარინა მეტრეველი ; [თარგმ. (ინგლ., რუს.) ეკატერინე კიკვაძე ; სარედ. კოლ.: გია ქაჯაია [და სხვ.] ; ფოტოგრაფი ავთანდილ მეტრეველი]. |
| 264 ## - წარმოების, გამოცემის, დისტრიბუციის და სხვა ცნობები |
| გამოცემის, წარმოების, დისტრიბუციის... ადგილი |
თბილისი |
| გამოცემის, წარმოების, დისტრიბუციის... სახელწოდება |
შპს"ფავორიტი პრინტი |
| გამოცემის, წარმოების, დისტრიბუციის... თარიღი |
2012 |
| 300 ## - ფიზიკური აღწერა |
| Extent |
496 გვ.; |
| Other physical details |
სურ., ცხრ., სქ. ; |
| Dimensions |
20 სმ. |
| 500 ## - ზოგადი შენიშვნა |
| General note |
პარალ. თავფურ. ინგლ. |
| 501 ## - შენიშვნა თანმხლებ მასალაზე |
| With note |
დანართები: გვ. 371-494. |
| 504 ## - BIBLIOGRAPHY, ETC. NOTE |
| Bibliography, etc |
ბიბლიოგრ. თავების ბოლოს. |
| 653 ## - INDEX TERM--UNCONTROLLED |
| Uncontrolled term |
ეკოტურიზმი |
| 653 ## - INDEX TERM--UNCONTROLLED |
| Uncontrolled term |
გარემოს დაცვა |
| 700 ## - ADDED ENTRY--PERSONAL NAME |
| Personal name |
კიკვაძე, ეკატერინე |
| Relator term |
მთარგმნელი |
| 9 (RLIN) |
12973 |
| 700 ## - ADDED ENTRY--PERSONAL NAME |
| Personal name |
ქაჯაია, გია |
| Relator term |
რედაქტორი |
| 9 (RLIN) |
2561 |
| 700 ## - ADDED ENTRY--PERSONAL NAME |
| Personal name |
ქუთათელაძე, რუსუდან |
| Relator term |
რედაქტორი |
| 9 (RLIN) |
12974 |
| 700 ## - ADDED ENTRY--PERSONAL NAME |
| Personal name |
წერეთელი, მარი |
| Relator term |
რედაქტორი |
| 9 (RLIN) |
12975 |
| 700 ## - ADDED ENTRY--PERSONAL NAME |
| Personal name |
გოხელაშვილი, რამაზ |
| Relator term |
რედაქტორი |
| 9 (RLIN) |
12976 |
| 700 ## - ADDED ENTRY--PERSONAL NAME |
| Personal name |
მეტრეველი, ავთანდილ |
| Relator term |
ფოტო |
| 9 (RLIN) |
2923 |
| 942 ## - ADDED ENTRY ELEMENTS (KOHA) |
| Koha item type |
წიგნი |
| Source of classification or shelving scheme |
|